[Event "EU-chT (Men) 18th"]
[Site "Porto Carras"]
[Date "2011.11.11"]
[Round "9.4"]
[White "Efimenko, Zahar"]
[Black "Pert, Nicholas"]
[Result "1-0"]
[WhiteElo "2702"]
[BlackElo "2563"]
[Annotator "Marin,M"]
[PlyCount "85"]
[EventDate "2011.11.03"]
[EventType "team-swiss"]
[EventRounds "9"]
[EventCountry "GRE"]
[SourceTitle "CBM 146"]
[Source "ChessBase"]
[SourceDate "2012.01.18"]
[SourceVersion "1"]
[SourceVersionDate "2012.01.18"]
[SourceQuality "1"]
[WhiteTeam "Ukraine"]
[BlackTeam "England"]
[WhiteTeamCountry "UKR"]
[BlackTeamCountry "ENG"]

1. d4 d5 2. Nf3 Nf6 3. c4 c6 4. e3 g6 5. Bd3 Bg7 6. O-O O-O 7. Nbd2 {This way
of developing the knight is not very common against the Schlechter Variation.
One of the main ideas of this slightly passive move is revealed in the present
game: after ...Bg4xf3, White can react with Nxf3.} ({The following classical
game shows how difficult it is to reach this setup in the event of the more
common} 7. Nc3 Bg4 8. h3 Bxf3 9. Qxf3 e6 10. Rd1 Nbd7 11. Bf1 Re8 12. b3 a6 13.
Bb2 Qe7 14. Rac1 Rad8 {Both sides have completed their development. In the
next phase of the game, White will improve his position slowly, being
concerned to prevent the freeing ...e5 and ...c5.} 15. Qe2 h5 16. Qc2 Nb6 17.
Bd3 Nc8 18. Nb1 Nh7 19. Ba3 Qc7 20. Nd2 Nb6 21. Nf3 Nd7 22. Bb4 {Finally,
White has reached the same regrouping as in our main game.} Nhf6 23. Bc3 Nh7
24. Be1 $1 {This move, marking the signal of the queenside attack, should be
remembered by anybody playing this kind of line with White.} Rc8 25. b4 Nhf6
26. Qb3 Qb8 27. a4 Red8 28. Bc3 Qc7 29. c5 Nh7 30. b5 axb5 31. axb5 e5 32. b6
Qb8 33. e4 $36 {Kortschnoj,V (2695)-Petrosian,T (2615)/Velden 1980/Candidates 
(1/2, 59)}) 7... Bg4 {Maybe this is not the best, since it spares White so
much effort in reaching Korchnoi's laborious regrouping.} (7... Nbd7 $5 {
makes some sense. With the knight on c3, White is supposed to get an advantage
by exchanging on d5, but here this method is not too effective. Here is a
recent game:} 8. cxd5 cxd5 9. Qe2 Re8 10. Nb3 (10. b3 b6 {/\...Bb7=} 11. e4 $6
e5 $1 $15) 10... Ne4 11. Bd2 e5 (11... b6 $11 {פb3}) 12. Be1 (12. dxe5 Nxe5
13. Nfd4 Nxd3 14. Qxd3 b6 15. Rfd1 a5 $36) 12... exd4 13. Nbxd4 Ndc5 14. Bb5
Bd7 15. Bb4 Bxb5 16. Qxb5 a6 17. Qe2 Qb6 18. Bxc5 Nxc5 19. Rfd1 Rac8 20. Rac1
Na4 $132 {Werle,J (2578)-Van Kampen,R (2454)/Groningen 2010/CBM 140 Extra (0-1,
82)}) 8. h3 (8. cxd5 {is premature here, too.} cxd5 9. h3 Bxf3 10. Nxf3 Nc6 $1
$11 {This is the point! The knight gets on to the optimal square.}) 8... Bxf3
9. Nxf3 Nbd7 {This is almost always played.} ({In view of the game innovation,
fashion may switch to} 9... e6 $5 {, followed by ....Nbd7, getting ready to
meet} 10. cxd5 {with} exd5 $5 {Most probably, play would transpose to one of
the examples examined below.}) 10. cxd5 $5 $146 {With his knight on d7, Black
will have some problems defending his queenside after the opening of the
c-file.} (10. b3 e6 11. Bb2 {is the most popular continuation.} {Personally, I
would stick to Petrosian's regrouping:} Qe7 $5 (11... Re8 12. Qc2 Rc8 13. c5 $5
{Black has arranged his pieces a bit carelessly and cannot prepare ...e5 in
any way. Therefore, the brutal blocking of the queenside is not easy to meet.}
Nf8 14. Nd2 N6d7 15. f4 f5 16. Nf3 Nf6 17. b4 $14 {Iskusnyh,S (2520)-Timofeev,
A (2344)/St Petersburg 2006/EXT 2007 (1/2, 84)}) (11... a5 {This fails to
create any threats and gives up the fight against the d3-bishop by weakening
the b5-square. Besides, he gives up the thematic plan of ...a6 followed by ...
b5.} 12. a3 Re8 13. Qc2 Qb8 14. Rac1 Rc8 {It starts becoming clear that Black
is playing without a clear plan.} 15. Qb1 Qa7 16. Rfd1 Qb6 17. Nd2 (17. Bc3 $5
{preparing b4 is worth a try.}) 17... Qd8 18. f4 $6 (18. Bc3 $5) 18... c5 $132
{Finally, Black's provocative play has borne fruit, although White went on to
win anyway in Vasilevich,T (2420)-Burmakin,V (2627)/Kavala 2009/CBM 131 Extra 
(1-0, 50)}) 12. Qc2 (12. a4 Rac8 13. Ba3 c5) 12... Rfd8 13. Rac1 Rac8 14. c5
Ne8 15. Ne5 f6 16. Nxd7 Rxd7 17. f4 f5) (10. Qc2 Rc8 11. c5 $6 {This is
obviously premature.} Re8 12. b4 e5 13. dxe5 Nxe5 14. Nxe5 Rxe5 15. Bb2 Re6 16.
Rad1 Qe7 17. Bd4 Nd7 $11 {Fronczek,H (2271)-Boguslavsky,O (2458)/Bad
Liebenzell 2010/CBM 135 Extra (1-0, 106)}) ({My favourite is} 10. Bd2 {,
preparing Korchnoi's regrouping.} e6 11. Rc1 (11. Qe2 $5 Ne4 12. Bb4 Re8 13.
Rfd1 f5 14. Be1 $14) 11... Ne4 12. Bb4 Re8 13. Qb3 f5 14. Be1 (14. Rfd1 Qb6 15.
Be1 $14) 14... Qb6 15. Nd2 Nxd2 16. Bxd2 Qxb3 $6 17. axb3 a6 18. Rfd1 $14 {
Strache,M (2317)-Dranov,A (2465)/Bonn 2011/CBM 142 Extra (1/2, 63)}) 10... cxd5
11. Bd2 $14 {Suddenly, Black is in some sort of trouble. The plan based on Qb3,
Rfc1 and Bb4 is very hard to meet. The complete passivity of the black bishop
weighs heavily in the balance.} a6 {Not really a solution, but it is hard to
recommend anything better.} (11... Nb8 12. Qb3 Qb6 13. Qxb6 axb6 14. Rfc1 $14 {
offers White a very pleasant ending.}) (11... Ne4 12. Bb4 $14) (11... Qb6 {
may seem the most logical, but fails to solve the problem, too.} 12. Qa4 (12.
Qb3 Qxb3 13. axb3 Rfc8 {is not that scary for Black, because White has a small
structural defect already.}) 12... Rfc8 13. Rfc1 a6 14. Rc2 $1 $14 {White will
take over the control of the c-file.}) 12. Qb3 Qb6 13. Qxb6 Nxb6 14. Bb4 Rfe8
15. Rfc1 $16 {As simple as that. The weakness of the e7-pawn makes Black lose
control of the c-file.} Bf8 (15... Rac8 16. Rxc8 Nxc8 17. Rc1 $16) 16. Ba5 Nfd7
17. Rc7 Rab8 18. Ne5 Nxe5 19. dxe5 Na8 20. Rd7 e6 21. Rc1 Re7 22. Rd8 $1 Rxd8
23. Bxd8 Re8 24. Ba5 (24. Rc8 $2 Nb6 $1) 24... Rb8 25. f4 Be7 26. Kf2 (26. e4
$16) 26... Bd8 27. Bb4 Nb6 28. Kf3 (28. e4 $16) 28... Rc8 29. Rxc8 Nxc8 30. e4
Be7 31. Bxe7 Nxe7 32. exd5 Nxd5 (32... exd5 33. Ke3 $16) 33. Be4 $18 f6 34.
Bxd5 exd5 35. Ke3 Kf7 (35... fxe5 36. fxe5 Kf7 37. Kd4 Ke6 38. h4 h6 39. a3 $18
) 36. Kd4 Ke6 37. exf6 Kxf6 38. Kxd5 Kf5 39. g3 h5 40. b4 b5 41. a3 h4 42. gxh4
Kxf4 43. Ke6 1-0

[Event "UKR-ch 81st"]
[Site "Kiev"]
[Date "2012.08.03"]
[Round "7"]
[White "Eljanov, Pavel"]
[Black "Areshchenko, Alexander"]
[Result "0-1"]
[WhiteElo "2693"]
[BlackElo "2691"]
[Annotator "Mikhalchishin,A"]
[PlyCount "70"]
[EventDate "2012.07.27"]
[EventType "tourn"]
[EventRounds "11"]
[EventCountry "UKR"]
[EventCategory "17"]
[SourceTitle "CBM 150"]
[Source "ChessBase"]
[SourceDate "2012.09.14"]
[SourceVersion "1"]
[SourceVersionDate "2012.09.14"]
[SourceQuality "1"]

1. d4 Nf6 2. c4 g6 3. f3 d5 4. cxd5 Nxd5 5. e4 Nb6 6. Nc3 Bg7 7. Be3 O-O 8. Qd2
Nc6 9. O-O-O Qd6 10. Kb1 Rd8 ({The flexible} 10... a6 {would be very
interesting.}) 11. Nb5 Qd7 12. d5 a6 13. Nc3 (13. dxc6 {deserves serious
attention:} Qxd2 14. Rxd2 Rxd2 15. Bxd2 axb5 16. cxb7 Bxb7 17. Bxb5 f5 18. exf5
Bd5 19. Ne2 (19. b3 gxf5 {and will always threaten a strike on b3}) 19... Bxa2+
20. Kc2 gxf5 21. Bc3 Bc4 22. Bxc4+ Nxc4 23. Nd4 Ne3+ 24. Kd3 Nxg2 25. Nxf5 Nf4+
26. Kc4 $11) 13... Ne5 ({A softer way was} 13... Qe8 14. Qc1 Na5 15. h4 e6 16.
Bf4 Qe7 17. Bg5 f6 18. Be3 exd5 19. Bxb6 cxb6 20. Nxd5 Qf7 21. h5 Be6 22. hxg6
hxg6 23. Qd2 Rac8 24. Nh3 Bxd5 25. exd5 Rc5 26. d6 Bf8 27. Bd3 Rxd6 28. g4 {
1/2 Rodshtein,M (2642)-Bok,B (2512)/Biel SUI 2012. White has compensation for
the pawn, but not more.}) 14. Bd4 (14. Qe1 $6 Qe8 ({It was better to play more
aggressively} 14... Nec4 15. Bd4 Qd6 16. Bxg7 Kxg7 17. Bxc4 Nxc4 18. h4 Bd7 19.
h5 b5) 15. Be2 e6 16. Bxb6 cxb6 17. f4 exd5 18. Nxd5 Ng4 19. Bf3 Be6 20. Ne2
Bxd5 21. exd5 Ne3 22. Rd3 Nc4 23. Nd4 Qa4 {1-0 Zhao Xue (2556)-Lahno,K (2537)/
Jermuk ARM 2012; with a serious initiative.}) 14... c5 $1 {An unexpected pawn
sacrifice!} ({Less effective, but possible was} 14... Nec4 15. Qf2 e5 16. Bc5
Bf8 17. Bxf8 Rxf8 18. f4 exf4 19. Rd4 Ne5 20. Qxf4 Qd6 21. Nf3 Nxf3 22. Qxd6
Nd2+ 23. Rxd2 cxd6 {and Black's chances are not worse.}) 15. Bxc5 Nec4 16. Bxc4
({After} 16. Qc1 Qc7 17. Bf2 Bd7 18. Nge2 Qd6 19. Nd4 (19. Bd4 Bxd4 20. Nxd4
Rac8 {Black does not care about White's extra pawn.})) 16... Nxc4 17. Qc1 Qc7 (
17... b5 {would be too risky:} 18. b3 b4 19. Bxb4 Rb8 20. Bc5 a5 21. Ka1) 18.
Bd4 e5 $1 19. Bf2 b5 20. b3 ({After} 20. Nge2 Nd6 {Black threats to launch an
attack with a6-a5-a4.}) 20... Nd6 21. Qe3 ({Including} 21. h4 h5 {did not
change the plans in this position.}) 21... f5 $1 ({It was possible to continue
his development with an attack on the queenside} 21... a5 22. Qc5 Qb8) 22. Rc1
({It is very difficult to stop Black's rolling attack} 22. Bh4 Re8 23. Rc1 Qd7
24. Nge2 a5) 22... Qe7 23. Qb6 ({It does not make much difference to develop
as follows:} 23. Nge2 a5 24. h4 Bf6 25. Rc2 a4) 23... fxe4 24. Nxe4 (24. fxe4
$2 {was bad:} Nxe4 $1 25. Nxe4 Bf5 26. Re1 Qb4 27. Qe3 Rxd5) 24... Bf5 25. Qe3
({Or} 25. Re1 Qg5 $1 26. g3 Nxe4 27. fxe4 Rxd5 $1 28. Nf3 Qg4 29. Qe3 Bxe4+ 30.
Qxe4 Rd1+) 25... a5 $1 {Just now it becomes clear how powerful is the attack
launched by Black!} 26. g4 ({After completing development White still could
not stop the opponent's attack:} 26. Ne2 a4 27. N2g3 axb3 28. Qxb3 Nc4) 26...
Nxe4 27. fxe4 Bh6 $1 28. Qxh6 ({The attack can't be stopped after} 28. Qe1 Bd2
29. Qe2 Bxc1 30. gxf5 a4 31. Nf3 axb3 $1 32. Rxc1 Rxa2) 28... Bxe4+ 29. Kb2
Bxh1 30. Bh4 Qa7 31. Ne2 a4 $1 32. b4 a3+ 33. Ka1 Bf3 34. Nc3 ({White is lost
after} 34. Bxd8 Bxe2 35. Qd2 Rxd8 36. Qxe2 Qd4+) 34... Qd4 35. Bxd8 Rxd8 0-1

[Event "Dos Hermanas-A"]
[Site "Dos Hermanas"]
[Date "2005.04.03"]
[Round "3"]
[White "Rustemov, Alexander"]
[Black "Illescas Cordoba, Miguel"]
[Result "1-0"]
[WhiteElo "2573"]
[BlackElo "2633"]
[Annotator "Mueller,Karsten"]
[PlyCount "75"]
[EventDate "2005.04.01"]
[EventType "tourn"]
[EventRounds "9"]
[EventCountry "ESP"]
[EventCategory "16"]
[SourceTitle "CBM 107"]
[Source "ChessBase"]
[SourceDate "2005.08.01"]
[SourceVersion "1"]
[SourceVersionDate "2005.08.01"]
[SourceQuality "1"]

1. d4 Nf6 2. c4 g6 3. f3 d5 4. cxd5 Nxd5 5. e4 Nb6 6. Nc3 Bg7 7. Be3 O-O 8. Qd2
Nc6 9. O-O-O e5 10. d5 Na5 11. Bxb6 axb6 12. b4 Qd6 13. Nb5 Qe7 14. bxa5 Rxa5
15. Kb1 Bd7 16. d6 cxd6 17. Qxd6 Rxb5+ 18. Bxb5 Qxd6 19. Rxd6 Bxb5 20. Nh3 Bc6
21. Rhd1 Bh6 22. Nf2 Be3 23. Nd3 Re8 24. Nb4 Bc5 25. Nxc6 Bxd6 26. Rxd6 bxc6
27. Rxc6 Re6 $2 {[%mdl 16384] bei Abwicklungen ins Bauernendspiel ist stets
höchste Vorsicht geboten. Stattdessen musste der Turm aktiviert werden:} (27...
Rd8 28. Rxb6 Rd1+ 29. Kc2 Rg1 {und Schwarz sollte sich behaupten können.}) 28.
Rxe6 fxe6 29. Kc2 Kf7 30. Kc3 Ke7 31. Kc4 Kd6 32. Kb5 Kc7 33. Ka6 Kc6 34. a4 g5
35. g4 h6 36. h3 Kc7 37. Ka7 Kc6 38. Kb8 (38. Kb8 Kc5 39. Kc7 Kb4 40. Kxb6 Kxa4
41. Kc6 $18) 1-0

[Event "Grenke Chess Classic 3rd"]
[Site "Baden-Baden"]
[Date "2015.02.02"]
[Round "1"]
[White "Bacrot, Etienne"]
[Black "Baramidze, David"]
[Result "1/2-1/2"]
[WhiteElo "2711"]
[BlackElo "2594"]
[Annotator "RR"]
[PlyCount "61"]
[EventDate "2015.02.02"]
[EventType "tourn"]
[EventRounds "7"]
[EventCountry "GER"]
[EventCategory "20"]
[SourceTitle "CBM 165"]
[Source "ChessBase"]
[SourceDate "2015.03.11"]
[SourceVersion "1"]
[SourceVersionDate "2015.03.11"]
[SourceQuality "1"]

1. d4 Nf6 2. c4 g6 3. f3 d5 4. cxd5 Nxd5 5. e4 Nb6 6. Nc3 Bg7 7. Be3 O-O 8. Qd2
Nc6 9. O-O-O Qd6 10. Nb5 Qd7 11. Kb1 Rd8 12. d5 a6 13. Nc3 Na5 14. Qc1 Qe8 15.
h4 e6 16. Bf4 Rd7 17. Bh6 Bxh6 18. Qxh6 Qf8 19. Qxf8+ Kxf8 20. h5 exd5 21. exd5
Nac4 22. hxg6 fxg6 23. Bxc4 Nxc4 24. Nh3 Re7 25. Ng5 h5 26. g4 hxg4 $2 27. Nce4
$2 (27. fxg4 $1 Kg8 28. Nce4 $18) 27... gxf3 28. Rh8+ Kg7 29. Rh7+ Kf8 30. Rh8+
Kg7 31. Rh7+ 1/2-1/2

[Event "Vandoeuvre op 11th"]
[Site "Vandoeuvre"]
[Date "2014.12.30"]
[Round "9"]
[White "Flom, Gabriel"]
[Black "Wagner, Dennis"]
[Result "0-1"]
[WhiteElo "2451"]
[BlackElo "2488"]
[Annotator "RR"]
[PlyCount "65"]
[EventDate "2014.12.26"]
[EventType "swiss"]
[EventRounds "9"]
[EventCountry "FRA"]
[SourceTitle "EXT 2017"]
[Source "ChessBase"]
[SourceDate "2016.10.25"]
[SourceVersion "1"]
[SourceVersionDate "2016.10.25"]
[SourceQuality "1"]

1. d4 Nf6 {90} 2. c4 g6 3. f3 {Cette vieille idée d'Alekhine est devenue
très populaire depuis quelques années} d5 4. cxd5 Nxd5 5. e4 Nb6 6. Nc3 Bg7
7. Be3 O-O 8. Qd2 (8. f4) 8... Nc6 9. O-O-O (9. Rd1 e5 10. d5 Nd4 11. Nb5 Nxb5
12. Bxb5 Bd7 13. Bxd7 Qxd7 {[%cal Gb6c4]} 14. Bc5 Rfc8 $1 15. Ne2 c6 $132 {
Halasz,T (2375)-Flumbort,A (2281) HUN-chT 9900 1999 (8) 1/2}) 9... Qd6 $5 {
La variante à la mode à haut niveau.} (9... e5) (9... f5) 10. Nb5 (10. Kb1
Rd8 (10... a6) 11. Nb5 Qd7 12. d5 a6 {Carlsen,M (2881)-Caruana,F (2791) Norway
Chess 2nd 2014 (3) 1/2}) (10. h4 Rd8 11. Nb5 (11. d5 Qb4 {[%cal Gd8d2]}) 11...
Qd7 12. h5 a6 13. Nc3 Bxd4 14. hxg6 fxg6 15. Nd5 Nxd5 $1 16. Bc4 Bg7 17. Qe1 e6
18. exd5 Ne5 19. Qh4 $1 $44 {Piorun,K (2551)-Svidler,P (2740) Bundesliga 1314
2013 (3.1) 1/2}) 10... Qd7 {63} 11. f4 (11. Bh6 Bxh6 12. Qxh6 a6 13. Nc3 Nxd4
14. h4 e5 15. h5 Qe7 16. hxg6 fxg6 $15) (11. Kb1 Rd8 12. d5) 11... Qe6 {
[%cal Ge6a2,Ge6e4,Gb6c4] L'idée sous-jacente à la variante Qd6 et les Noirs
ont des ressources tactiques} 12. Nc3 (12. Nxc7 $4 Qxa2 13. Nxa8 Na5 $19 14.
Nxb6 Nb3+) (12. d5 Qxe4 13. dxc6 Bf5 $19 {[%csl Rb1,Gg7] Une variante
illustrant les problèmes du retard de développement des Blancs sur cette
variante f3 et du risque de jouer le ooo.}) 12... Rd8 {[%csl Rd4][%cal Gd8d2]}
(12... Nc4 13. Qe2 Nxe3 $132 {Wang,H (2743)-Svidler,P (2769) Norway Chess 2013
(2) 1-0}) 13. Nf3 Na5 $146 {[%cal Ga5c4] 66} (13... Nc4 14. Qe2 Nxe3 15. Qxe3 {
Mamedyarov,S (2747)-Negi,P (2641) Gibraltar Masters 10th 2012 (7) 1/2}) 14. b3
{[%csl Rc3]} Nc6 $1 {[%csl Rd4] 21 Après l'affaiblissement obtenu, le N
revient exercer la pression sur la faiblesse "d4" mais les Noirs sont déjà
en zeitnot} 15. g4 $5 Qxg4 {16} 16. Be2 Qd7 17. h4 $44 a5 18. h5 a4 {16} 19.
hxg6 hxg6 20. d5 Nb4 $13 {13} 21. Ne5 axb3 $5 {Les Noirs compliquent au
maximum avec ce sacrifice de Q difficile à réfuter devant l'échiquier.} 22.
axb3 $6 (22. Nxd7 bxa2 23. Nxa2 Nxa2+ 24. Kb1 Nc3+ 25. Qxc3 (25. Kc2 Ra2+))
22... Qd6 $1 {La partie a basculé et l'ancien isséen a laissé passé sa
chance.} 23. Kb1 Nd7 24. Nxd7 Bxd7 25. e5 Bf5+ {6} 26. Kb2 c5 $3 {1 Un très
fort coup mais l'allemand n'a plus qu'une minute pour passer le contrôle de
temps} 27. Bc4 $8 (27. exd6 Ra2+ 28. Kc1 Ra1+ (28... Rc2+ 29. Qxc2) 29. Kb2
Ra2+) 27... b5 $1 $40 28. Nxb5 $2 (28. exd6 $8 {Il fallait se contenter de la
nulle mais les Blancs vont spéculer sur le gros zeitnot des Noirs} Ra2+ 29.
Kc1 Ra1+ {Forçant la nulle} (29... Rc2+ 30. Qxc2)) 28... Ra2+ 29. Kc3 Bxe5+
30. fxe5 Qxe5+ 31. Bd4 Qg3+ 32. Bd3 Nxd5+ 33. Kc4 {L'allemand réalise sa
3ème norme de GMI avec ce gain.} 0-1

[Event "IND-CHN Summit"]
[Site "Hyderabad"]
[Date "2015.03.09"]
[Round "7.1"]
[White "Sasikiran, Krishnan"]
[Black "Wei, Yi"]
[Result "0-1"]
[WhiteElo "2682"]
[BlackElo "2706"]
[Annotator "Ramirez Alvarez,A"]
[PlyCount "80"]
[EventDate "2015.03.02"]
[EventType "schev"]
[EventRounds "8"]
[EventCountry "IND"]
[SourceTitle "CBM 166"]
[Source "ChessBase"]
[SourceDate "2015.05.11"]
[SourceVersion "1"]
[SourceVersionDate "2015.05.11"]
[SourceQuality "1"]

1. d4 Nf6 2. c4 g6 3. f3 d5 4. cxd5 Nxd5 5. e4 Nb6 6. Nc3 Bg7 7. Be3 O-O 8. Qd2
e5 9. d5 c6 10. h4 cxd5 11. exd5 N8d7 12. h5 Nf6 13. hxg6 fxg6 14. O-O-O Qd6
15. Kb1 Bf5+ 16. Ka1 h5 17. Nh3 e4 18. Bh6 Rad8 19. Bxg7 Kxg7 20. Nf4 Rfe8 21.
Bb5 e3 22. Qd4 Re5 23. Bd3 Nbxd5 24. Nfxd5 $2 {Sasikirian underestimates his
opponent's chances.} (24. Bxf5 $1 gxf5 25. Ncxd5 e2 26. Rde1 Nxd5 27. Ne6+ $3 {
Would have been a brilliant way to gain an advantage.} (27. Rxe2 {the far more
normal move, also was good for a plus.}) 27... Qxe6 28. Rxe2 {and the rook on
e5 will fall.}) 24... Bxd3 25. Rxd3 Nxd5 26. f4 Nxc3 27. Qxd6 Rxd6 28. Rxd6 Rd5
$1 {A beautiful sequence. Sasikirian has no choice but to take the rook, and
although he is up the exchange, the powerful knight on d5, the passed pawn on
e3 and the quickness with which the king can approach the center is enough to
render his position hopeless.} 29. Rxd5 Nxd5 30. g3 Kf6 31. Rd1 Ke6 32. Kb1 h4
33. gxh4 e2 34. Re1 Nxf4 35. Kc2 Kf5 36. Kd2 Ke4 37. b4 Kf3 38. a4 Kf2 39. b5
b6 40. Rh1 Ng2 0-1